000 00455nam a2200181Ia 4500
001 22846
005 20260414150858.0
008 260414t2018||||xx |||||||||||||| ||spa||
041 _aESP
082 _a624.15136
_bC73
100 _aCoduto, Donald P.
_eAUT
245 0 _aGeotechnical engineering :
_bprinciples and practices
260 _c2018
300 _axxiv, 784 páginas :
_c23 cm.
650 _a0
654 _aCIC
942 _cLIB
_dJUS
_fJUS
_2ddc
_n
999 _c22846
_d22846